[Event "Aerosvit 2007"]
[Site "Foros"]
[Date "2007.06.19"]
[Round "2"]
[White "GM Eljanov, Pavel(UKR)"]
[Black "GM Karjakin, Sergey(UKR)"]
[Result "0-1"]
[WhiteElo "2686"]
[BlackElo "2686"]
[Annotator "Ëåáåäåâ Âàñèëèé"]
[PlyCount "56"]
[EventDate "2007.??.??"]

{Åñëè êòî-òî âàì ñêàæåò, ÷òî îí èçîáð¸ë îïðîâåðæåíèå âàðèàíòà ×åáàíåíêî â
ñëàâÿíñêîé çàùèòå, òî... èíòåëëèãåíòíî íå ïîâåðüòå ýòîìó.} 1. d4 d5 2. c4 c6 3.
Nf3 Nf6 4. e3 a6 {«Áåëûå äî ñèõ ïîð íå ìîãóò íàéòè çäåñü ïåðåâåñ» (Â.
Áîëîãàí). À èíîãäà òå æå ñàìûå áåëûå ïîïàäàþò â ÿìû, âûðûòûå äîìà
òðóäîëþáèâûìè èññëåäîâàòåëÿìè.} 5. Nc3 b5 6. c5 Nbd7 7. a3 a5 8. Bd3 e5 $1 {
Íåëüçÿ æäàòü â «ñëàâÿíêå» ìèëîñòè îò áåëûõ, âûðâàòü èõ ó íèõ - âîò íàøà
çàäà÷à!} 9. dxe5 Ng4 10. e6 ({Êîíòðæåðòâà} 10. Bxb5 {íå âûçûâàåò îïòèìèçìà:}
cxb5 11. Qxd5 Ra6 12. h3 Nh6 13. c6 Nc5 14. Qxd8+ Kxd8 15. Nd4) (10. Nxb5 $5
Ngxe5 ({ñëàáî} 10... cxb5 11. Bxb5 {è ãðîçèò c6-c7}) 11. Nd6+ Bxd6 12. cxd6
Nxf3+ (12... O-O 13. Bxh7+ $1) 13. gxf3 $1) 10... fxe6 11. Nd4 Nxc5 12. Be2 ({
Åñëè} 12. Nxc6 {, òî} Nxd3+ 13. Qxd3 Qd7 (13... Qb6 14. Qxb5) (13... Qf6) 14.
Qxb5 Ba6 15. Qa4 Rc8 16. Qxg4 Rxc6 {
, ïî-ìîåìó, ñ ïîëíîé êîìïåíñàöèåé ó ÷¸ðíûõ.}) 12... Nxf2 $3 {Âîò òåáå áàáóøêà
è Þðüåâ äåíü! Íà «ðîâíîì» ìåñòå ÷¸ðíûå îòäàþò ôèãóðó. Ïðåêðàñíî! 
Èíòåðåñíî, âèäåë ëè ýòó ïîçèöèþ ñèäÿùèé çà ñîñåäíèì ñòîëèêîì Äìèòðèé
ßêîâåíêî? È ÷òî îí òîãäà ïîäóìàë? Íàâåðíîå, «ýõ, îïåðåäèëè...»} ({
Â ïðîøëîãîäíåé ïàðòèè-ïðåäøåñòâåííèöå ñîáûòèÿ ðàçâèâàëèñü ñëåäóþùèì îáðàçîì} 
12... Ne5 13. f4 Nc4 14. b3 Nd6 15. Nxc6 Qb6 16. Nd4 Bd7 17. O-O Be7 18. f5 $1
{- áåëûå ðàçâèëè ñèëüíóþ èíèöèàòèâó è ïîáåäèëè:} Nxf5 19. Nxf5 exf5 20. Nxd5
Qd6 21. Bh5+ g6 22. Bf3 Rd8 23. Bb2 Rf8 24. Qc2 Rc8 25. Rfd1 Ne4 26. Qd3 Bc6
27. Rac1 Rd8 28. Nxe7 Qxd3 29. Rxd3 Rxd3 30. Nxc6 Rxb3 31. Rc2 Rxe3 32. Be2 Kf7
33. g3 g5 34. Bxb5 Nd6 35. Be2 Rc8 36. Kf1 h6 37. a4 Ke8 38. Ba6 Ra8 39. Bd4
Re6 40. Bd3 Rc8 41. Nxa5 Rxc2 42. Bxc2 Kd7 43. Nb7 Re8 44. Nxd6 Kxd6 45. Bxf5
Rf8 46. g4 h5 47. h3 hxg4 48. hxg4 Ra8 49. Bc2 Rc8 50. Bd1 {
(1-0 Lputian,S (2634)-Jakovenko,D (2671)/Fuegen 2006).}) ({
Êîììåíòàòîðû ñîâåòîâàëè} 12... Nf6 $142 13. Nxc6 Qb6 14. O-O (14. Bxb5 Bd7 15.
Nd4 Bxb5 16. Ndxb5 a4 $44) (14. Ne5 Ba6 $13) 14... Bd6 (14... Bd7 15. Ne5 $36)
15. Nxa5 $5 $36 {(Ðîãîçåíêî).}) 13. Kxf2 Bd6 $1 14. g3 ({Åñëè} 14. Nxc6 {
, òî óäàëîñü îáíàðóæèòü «æåëåçíûå» íè÷üè:} O-O+ 15. Kg1 (15. Bf3 Qc7 16. Nd4
Bxh2) 15... Qh4 16. Bf3 ({Èëè} 16. g3 {è òåïåðü íåëüçÿ} Bxg3 $2 ({
ïðàâèëüíî (ïî Rybk'å)} 16... Qf6 17. Qf1 Qh6 18. Qd1 Qf6 19. Qf1 $11) 17. Ne7+
Kf7 (17... Kh8 18. Ng6+ $1 hxg6 19. hxg3 $18) 18. Nf5 $3 exf5 19. Qxd5+ Be6 20.
Qxc5 Be1 21. Qc7+ Kg8 22. Qf4 Qh3 23. Qf3 $16) 16... Ne4 17. Qe2 Ba6 18. Bxe4
dxe4 19. g3 Bxg3 20. hxg3 Qxg3+ 21. Qg2 Rf1+ $1 {(íåìíîãî ïîøàëèì ;)} 22. Kxf1
Rf8+ 23. Kg1 Qe1+ 24. Kh2 Qh4+ 25. Kg1) 14... O-O+ 15. Kg2 Bd7 $1 {Òåïåðü ìåíÿ
äàæå íà ñòèõè «ïðîáèëî»: «Î êàê ïðåêðàñíî, ìåäëèòåëüíî, íåñïåøíî Ñåðãåé
âåä¸ò ñâîþ àòàêó...»} 16. Bd2 $6 {
Ïðèåìëåìîé çà áåëûõ ýòà ïîçèöèÿ êàæåòñÿ òîëüêî äâèæêàì.} (16. Nb3 $5 {Rybka})
16... e5 $5 ({Íàäî áû ïîñìîòðåòü â Èíòåðíåòå, íåò ëè ñåãîäíÿ êàêîé-òî ïàìÿòíîé
äàòû, ïîñâÿù¸ííîé Ôèëèäîðó ;), ïîòîìó ÷òî Rybka ñîâåòóåò èãðàòü ïî êàíîíàì
âåëèêîãî ôðàíöóçà:} 16... b4 $1 17. Na4 ({èëè} 17. axb4 axb4 18. Rxa8 Qxa8 19.
Nb1 e5) 17... Ne4 18. Rf1 Rxf1 19. Bxf1 c5 20. Nf3 c4 {è ò.ä.}) 17. Nb3 Ne6 18.
Bg4 $6 {Åù¸ íåòî÷íîñòü...} (18. Rf1 $5 {Rybka}) 18... a4 19. Nc1 {Çèãáåðò
Òàððàø, êîììåíòèðóÿ ïîäîáíûå õîäû ñîïåðíèêà, îáû÷íî ñòàðàëñÿ ùåãîëüíóòü ýðóäèöèåé,
öèòèðóÿ ïðèíöà, ñâèõíóâøåãîñÿ íà äàòñêîé ïî÷âå: «Äî êàêîãî óáîæåñòâà...» 
Äåéñòâèòåëüíî, ê ïîëîæåíèþ áåëûõ ôèãóð òðóäíî ïîäîáðàòü èíîé ýïèòåò, íåæåëè
óáîãîå...} Qg5 {Ñàìûé åñòåñòâåííûé, íî, áûòü ìîæåò, íå ëó÷øèé õîä.} (19... Nc5
$5 {Rybka}) 20. h4 ({Íåëüçÿ} 20. e4 {èç-çà} Nf4+ 21. Bxf4 Qxg4 22. Qxg4 Bxg4
23. h3 (23. Be3 Bf3+) 23... Bh5 24. g4 d4 $1) 20... Qg6 {
Ñîîòíîøåíèå ïîòðà÷åííîãî âðåìåíè çäåñü áûëî òàêèì: 0.27 - 1.07.} 21. h5 ({
Âèäèìî, ëó÷øå áûëî} 21. Bh5 {è äàëåå} Qf6 (21... Qh6 22. e4 $1) 22. Rf1 Qe7 {
, è ïîêà íè÷åãî ðåøàþùåãî íå âèäíî.}) 21... Qg5 22. Rh4 ({À âîò òåïåðü áåëûå,
êàê ìíå êàçàëîñü, óïóñêàþò ñâîé ïîñëåäíèé øàíñ íà ñïàñåíèå:} 22. e4 $5 Nf4+
23. Bxf4 $1 (23. gxf4 exf4 $19) 23... Qxg4 24. Qxg4 Bxg4 {À ìíèëîñü ìíå, ÷òî
áåëûå âûêðó÷èâàþòñÿ èç çàòðóäíèòåëüíîãî ïîëîæåíèÿ, ïðèìåíèâ íåáîëüøîé
òàêòè÷åñêèé òðþê -} 25. Rh4 $1 {(ñîõðàíÿÿ ëèøíþþ ôèãóðó)} {Îäíàêî...} d4 $1
26. N3a2 ({èëè} 26. Rxg4 dxc3 27. bxc3 exf4 28. gxf4 Rxf4 $17) 26... Be6 27.
Bd2 c5 {- è Ôèëèäîð ðóëèò!}) 22... e4 23. Qe1 ({
Åñëè ëó÷øèì Rybka ñ÷èòàåò çäåñü} 23. Be1 {
ñ îòäà÷åé  ïåøêè íà å3 - çíà÷èò, äåëî ñîâñåì õóäî.}) 23... Nc5 {
Êîíü â ëþáîì ñëó÷àå íàìåðåí ñêàêàòü ïî ìàðøðóòó c5-d7-e5.} 24. Bxd7 (24. Bd1 $2
{äîïóñêàåò óáîéíîå} Rf1 $3) 24... Nxd7 25. N1e2 Ne5 26. Qh1 ({
È äëÿ î÷èñòêè ñîâåñòè ðàçáåð¸ìñÿ è ñ «íàèáîëåå óïîðíûì»} 26. Rh3 {
òàêèì âîò ñïîñîáîì -} Nd3 27. Qg1 Rf2+ 28. Qxf2 Nxf2 29. Kxf2 Qf5+ 30. Kg2 Qf3+
31. Kh2 Bc5 $19) 26... Nf3 27. Qh3 Qf6 ({Çåâàòü íà ïîðîãå ïîáåäû} 27... Nxd2 $4
28. Qe6+ {íèêòî, ðàçóìååòñÿ, íå ñîáèðàåòñÿ.}) 28. Nf4 ({
Òîëüêî äëÿ ñïðàâêè ïðèâîæó «âàðèàíò»:} 28. Rd1 Nxd2 29. Rxd2 Qf1+ 30. Kh2
Rf2+) 28... Nxd2 {Ôèãóðà îòûãðàëàñü, à ïåøêè ëèøíèå ó ÷¸ðíûõ îñòàëèñü .
Âèäèìî, ñëîâà: «ß ïðèåõàë ñþäà ïîáåæäàòü!» áûëè ñêàçàíû Ñåðãååì ïåðåä
òóðíèðîì íå ðàäè ñîòðÿñåíèÿ âîçäóõà..} 0-1

[Event "Aerosvit 2007"]
[Site "Foros RUS"]
[Date "2007.06.19"]
[Round "2"]
[White "GM Jakovenko, Dmitry(RUS)"]
[Black "GM Sasikiran, Krishnan(IND)"]
[Result "1-0"]
[WhiteElo "2708"]
[BlackElo "2690"]
[Annotator "Ëåáåäåâ Âàñèëèé"]
[PlyCount "141"]
[EventDate "2007.??.??"]

1. e4 c6 2. d4 d5 3. Nc3 dxe4 4. Nxe4 Nd7 5. Ng5 Ngf6 6. Bd3 e6 7. N1f3 Bd6 8.
Qe2 h6 9. Ne4 Nxe4 10. Qxe4 Qc7 11. O-O b6 12. Qg4 Kf8 {Ïîñëå äâóõ ýëèñòèíñêèõ
ïàðòèé èç ìàò÷à Ëåêî-Áàðååâ âàðèàíò, êàê ãîâîðèòñÿ, íà ñëóõó.} 13. Qh4 ({
Ïåðâûé ïîåäèíîê óïîìÿíóòîãî ìàò÷à ðàçâèâàëñÿ òàê} 13. Re1 c5 14. c3 Bb7 15.
Qh3 Rd8 16. Be4 Bxe4 17. Rxe4 Nf6 18. Re1 g6 19. b3 Kg7 20. dxc5 Bxc5 21. Bb2
Rd5 22. c4 Rh5 23. Qg3 Bd6 24. Ne5 Rd8 25. h3 Rf5 26. Re2 Bc5 27. Rf1 Kh7 28.
Qh2 g5 $2 (28... Ne4 $3 $19) 29. Ng4 Bd6 30. g3 Nh5 31. Ne3 Bxg3 32. fxg3 Rxf1+
33. Nxf1 Rd1 34. Re3 {(1-0 Leko,P (2738) - Bareev,E (2643)/Elista RUS 2007).})
13... c5 ({À â òðåòüåì áîëüøîé áîðüáû íå ïîëó÷èëîñü:} 13... Bb7 14. Re1 Kg8
15. Qh3 Re8 16. c4 Nf6 17. Bd2 c5 18. d5 e5 19. Bc3 g6 20. Qh4 Kg7 21. Nd2 Qd8
22. Bc2 Bc8 23. Ba4 g5 24. Qg3 Nh5 25. Qf3 g4 26. Qd1 Re7 27. h3 Nf6 28. hxg4
Bxg4 29. f3 Bc8 30. Re3 Nh5 31. Qe1 f6 32. Qh4 Nf4 33. Ne4 Rf7 34. g3 Ng6 35.
Qh5 Bb8 36. Bc2 f5 37. f4 Re8 38. Nf2 Rf6 39. Rae1 e4 40. Bxe4 fxe4 41. Nxe4 {
(1-0 Leko,P (2738) - Bareev,E (2643)/Elista RUS 2007).}) 14. Be4 Rb8 ({Ïîñëå} 
14... Bb7 {èãðàëè òàê:} 15. Bxb7 Qxb7 16. dxc5 bxc5 17. Rd1 Be7 18. Bg5 $1 Bxg5
19. Nxg5 Nf6 20. b3 Kg8 21. Nf3 Kh7 22. Qc4 {
, è ýòîò ïîçèöèè ÷¸ðíûå îòñòîÿòü íå ñìîãëè:} Rhc8 23. Ne5 Qc7 24. Qe2 a5 25.
a4 Kg8 26. Rd3 Rd8 27. Rad1 Rd5 28. Nc4 Rad8 29. h3 R8d7 30. Qe1 Rxd3 31. Rxd3
Rxd3 32. cxd3 Qb8 33. Nxa5 Nd5 34. Qd2 Qb6 35. g3 g5 36. Qe1 Kg7 37. Qa1+ Kg8
38. Nc4 Qxb3 39. Ne5 f6 40. Nd7 Qxd3 41. Nxc5 Qf3 42. Qb1 Nc3 43. Qe1 e5 44. a5
e4 45. Qe3 Qd1+ 46. Kg2 Qc2 47. Qd4 Kg7 48. Nd7 {
(1-0 Lautier,J (2645) - Karpov,A (2735)/Monte Carlo 1998).}) 15. Rd1 Ba6 ({
Çíàòîê âñåãî ýòîãî äåëà çà ÷¸ðíûõ èãðàë} 15... c4 16. d5 e5 17. Bf5 Kg8 18.
Be3 Nf6 19. Bxc8 Rxc8 20. a4 Qd7 21. c3 Rc7 22. Nd2 Ng4 23. h3 Nxe3 24. fxe3 f5
25. e4 f4 26. Nf3 g5 27. Qh5 Qf7 28. Qg4 Qd7 29. Qh5 Qf7 30. Qg4 Qd7 31. Qh5 {
(1/2 Timman,J (2639) - Galkin,A (2587)/Hoogeveen 2000).}) 16. dxc5 ({
Óñïåøíî îòáèëñÿ îò áåëûõ Ñàøèêèðàí â ñëåäóþùåé ïàðòèè} 16. c3 Nf6 17. dxc5
bxc5 18. Bd3 Bb7 19. Nd2 g5 20. Qh3 Kg7 21. Nc4 Bf4 22. Bxf4 Qxf4 23. Qe3 Rhd8
24. Bf1 Bd5 25. Qxf4 gxf4 26. Ne5 Be4 27. b3 Rd5 28. Rxd5 Nxd5 29. Rc1 Rc8 {
(1/2 Ramesh,R (2391) - Sasikiran,K (2525)/Nagpur 1999).}) 16... bxc5 17. b3 f5
{Ýòîò õîä âûãëÿäèò íåîáõîäèìûì, óæ áîëüíî ïðèñòàëüíî ãîòîâèëèñü ïîñìîòðåòü
áåëûå ñëîíû íà êîðîëåâñêèé ôëàíã ÷¸ðíûõ ïîñëå Bb2...} 18. Bd3 Bxd3 19. Rxd3
Ne5 20. Nxe5 Bxe5 21. Rb1 Kf7 22. Be3 {Ñëåäóåò, êàê ìíå êàæåòñÿ, ïðèçíàòü,
÷òî íåêîòîðûé ïåðåâåñ ñåé÷àñ íà ñòîðîíå áåëûõ. Íàïðèìåð, ñåé÷àñ îíè ãðîçÿò
õîäîì Ôh4 íàâå÷íî ïðåâðàòèòü èçîëÿòîð íà ñ5 â âå÷íóþ ãîëîâíóþ áîëü ÷¸ðíûõ.
} c4 {Óñïåâàÿ «â ñàìûé ïîñëåäíèé ìîìåíò»...} (22... Rhd8 $5 23. Qc4 Rxd3 24.
cxd3 Bxh2+ 25. Kf1 Bd6) 23. Rdd1 cxb3 {Äâà ýíåðãè÷íûõ õîäà ÷¸ðíûõ - è âîò
óæå ó ñîïåðíèêà ïîÿâëÿåòñÿ øàíñ îáðàçîâàòü îòäàë¸ííóþ ïðîõîäíóþ. Â îòäàë¸ííîì,
è õîðîøî áû, ÷èñòî ïåøå÷íîì áóäóùåì.} (23... Rhd8 24. Qxc4 Bxh2+) 24.
cxb3 Rhd8 25. Rdc1 Qa5 ({Î÷åíü õèòðî âûãëÿäåëà óìèðîòâîðÿþùàÿ æåðòâà ïåøêè} 
25... Qd6 $5 26. Bxa7 {Îäíàêî, ïî ìåðå óãëóáëåíèÿ â ïîçèöèè, âñïëûâàëè ðàçíûå
ïîäðîáíîñòè... Íàïðèìåð,} Rbc8 ({
ïðàâèëüíî, ïîõîæå, ïðîäîëæèòü ñìåëóþ, «áåñïåøå÷íóþ» èãðó} 26... Rb4 27.
Qh5+ g6 28. Qh3 Re4 29. Be3 Bb2 $5 30. Rf1 Be5 31. a4 h5 {è ò.ä.}) 27. g3 Qd2
28. Rxc8 Rxc8 29. a4 Rc1+ (29... Qa2 30. Qh5+ $1 g6 31. Qd1) (29... Rc3 30. Qh3
$1 Rxb3 31. Rxb3 Qd1+ 32. Qf1 Qxb3 33. a5) 30. Rxc1 Qxc1+ 31. Kg2 Qc7 (31...
Qc6+ 32. f3 Qc2+ 33. Bf2 Qxb3 34. a5) 32. Qh5+ g6 33. Qe2 Qxa7 34. Qxe5 Qb7+
35. Kg1 Qxb3 36. a5 $14 {«Íî ê ÷åìó òàêèå ñëîæíîñòè?» - âïîëíå ìîãëè ðåøèòü
÷¸ðíûå è ñûãðàëè ïîíàä¸æíåå: ñâîþ ïåøêó çàùèòèâ, íàïàëè íà ÷óæóþ.}) 26.
Qh5+ Kg8 27. Qe2 Rd5 28. g3 Rbd8 29. Rc6 R8d6 30. Rbc1 Kh7 {
Ñåðèÿ õîäîâ, íà÷èíàÿ ñ 26-ãî, âûãëÿäèò âïîëíå åñòåñòâåííîé.} 31. R1c5 $1 {
Ëàäåéíûé êâàäðàò!} Rxc6 ({À åñëè} 31... Rd1+ {? Ñìîòðèì:} 32. Kg2 Qb4 33. Kh3
$1 Bf6 (33... Rxc6 34. Rxc6 Rd6 35. Rc4 Qb7 36. Bxh6 $1) 34. Rxd6 Rxd6 35. Rc7
a5 36. Rc4 Qb8 37. Bf4 e5 38. Bxe5 Re6 39. f4 Bxe5 40. Rc5 $1) 32. Rxc6 $1 ({
Òàê, à äàâàéòå-êà ñúåäèì ôåðçÿ è ïîñìîòðèì, ÷òî èç ýòîãî ïîëó÷èòñÿ:} 32. Rxa5
Rxa5 33. b4 $1 Rd5 (33... Ra3 34. Qb5) 34. Bxa7 Bd4 35. Bxd4 Rxd4 36. Qb2 {
- äâå ñâÿçàííûå ïðîõîäíûå, ïîääåðæàííûå ôåðç¸ì. Ãì-ì.. Ïîýòîìó ÷¸ðíûì íàäî
«êîíòðèãðàòü» -} Rd1+ 37. Kg2 Rcc1 {, ïîñëå ÷åãî ñëåäóåò íàäâèæåíèå (Äî
óïîðà. Â áåëîãî êîðîëÿ!)  ÷¸ðíûõ ïåøåê êîðîëåâñêîãî ôëàíãà.}) 32... Qd8 33.
Qc4 $14 {È áåëûå ïîëó÷àþò íåáîëüøîé òàêîé êîìôîðòíûé ïåðåâåñèê.} ({
Õâàòàòåëüíûå ðåôëåêñû íàäî îáóçäàòü:} 33. Rxe6 $2 Rd1+ 34. Kg2 Qd5+ 35. f3 ({
ïîñëå} 35. Qf3 $2 Rg1+ $1 {
áåëûå íå ðèñêóþò íè ïðîèãðàòü, íè âûèãðàòü - áèòàÿ íè÷üÿ.}) 35... Rb1 $1 ({
ñëàáî ýôôåêòíîå} 35... Bxg3 $5 36. hxg3 Qxe6 37. Qxd1 Qxe3 38. Qc2 {
- íèêàêèõ øàíñîâ ó ÷¸ðíûõ íà îáðåòåíèå ïåðåâåñà}) ({íåâàæíî è} 35... Qxe6 36.
Qxd1 Bxg3 37. Bxa7 $14) 36. Qa6 Rb2+ 37. Kh3 (37. Bf2 $4 Qd2 38. Qxa7 Bd4 $19)
37... f4 $1 38. Qc4 Qxc4 39. bxc4 fxe3 40. Rxe5 $11) 33... Qd7 34. b4 {
Öåëè îïðåäåëåíû, ïðèîðèòåòû ðàññòàâëåíû... Çà ðàáîòó, òîâàðèùè!} Bd4 {
Ñêîðåå â ñïàñèòåëüíûé «ëàäåéíèê»!} 35. Bxd4 Rxd4 36. Qxe6 Qxe6 37. Rxe6 Rxb4
38. Ra6 f4 $5 ({Â ëàäåéíîé ýíäøïèëå, êàê âñå çíàþò, ãëàâíîå - àêòèâíîñòü,
ïîýòîìó Êðèøíàíîì è áûëî îòâåðãíóòî ïàññèâíîå} 38... Rb7 {. Ê òîìó æå, åñëè
íåìíîãî ïîäóìàòü, çàìå÷àåòñÿ ñëåäóþùåå: êîíñòðóêöèÿ ÷¸ðíûõ ïåøåê íà
êîðîëåâñêîì ôëàíãå òàêîâà, ÷òî ÷¸ðíûé êîðîëü íå ñìîæåò ïðåîäîëåòü 6-þ
ãîðèçîíòàëü. À ýòî çíà÷èò, ÷òî ó áåëûõ áóäåò ôàêòè÷åñêè «ëèøíÿÿ» ôèãóðà 
- åãî áåëîå âåëè÷åñòâî.}) 39. gxf4 Rxf4 40. Rxa7 Kg6 41. Ra3 Rc4 ({
À âäðóã ðóêà ä¸ðíåòñÿ} 41... Rg4+ 42. Rg3 $18 {;)}) 42. h3 Rc2 43. Rg3+ Kf5 {
Åù¸ îäíî ñïîðíîå ðåøåíèå.} (43... Kf6 44. a4 Ra2) 44. Rxg7 Rxa2 45. Kg2 Ra3 {
Êàê ñêàçàíî â êíèãå Ì. Äâîðåöêîãî «Ýíäøïèëü» ïðî îêîí÷àíèÿ ïîäîáíîãî ðîäà:
«Åñëè âñå ïåøêè ðàñïîëîæåíû íà îäíîì ôëàíãà, òî áîëüøèíñòâî ïîçèöèé íè÷åéíûå»
. Áîëüøèíñòâî, íî íå âñå ;) Îñîáåííî, åñëè ñëàáåéøàÿ ñòîðîíà ñòîëü íàñòîé÷èâî
ñòðåìèòñÿ ê õàðàêèðè.} 46. f3 {È, âèäèìî, íàäî ñîãëàñèòüñÿ ñ ìíåíèåì
âûñêàçàííûì íà ôîðóìå î òîì, ÷òî ÷¸ðíûå èãðàëè ýòîò ýíäøïèëü èç ðóê âîí
ïëîõî. Âåäü äàæå åñëè ñíÿòü ñ äîñêè ïåøêó h6, òî ïîçèöèÿ - íè÷åéíàÿ!} Kf6 {
Â îáùåì, ÿ òóò ìíîãî íå äóìàë, íî ñàìóþ(ûå?) ãëàâíóþ(ûå?) îøèáêó(è) âðîäå
íàø¸ë.} 47. Rg8 Ra1 48. h4 Kf7 49. Rd8 Kg6 50. Rd5 Rb1 51. Kg3 Rg1+ 52. Kf4 Rh1
53. Rd6+ Kh5 54. Kf5 Ra1 (54... Rxh4 $11) 55. f4 Ra5+ 56. Ke4 Ra1 $4 (56...
Ra4+ $1 57. Ke5 Ra5+ 58. Kf6 Kxh4 59. f5 Kg4) ({Èëè} 56... Kg4) 57. f5 $1 Re1+
$4 (57... Kxh4 $1 58. Rxh6+ Kg5 59. Rg6+ Kh5 $11) 58. Kf4 Rf1+ ({
«Ðàçóìååòñÿ», íå} 58... Kxh4 $4 59. Rxh6#) 59. Ke5 Re1+ $4 (59... Kxh4 60.
Rxh6+ Kg5 61. Rg6+ Kh5 62. Rg8 Kh6 63. Kf6 Kh7 64. Rg7+ Kh8 $11) 60. Kf6 Kxh4 (
60... Rf1 61. Rd5 Kxh4 62. Kg6 $18) 61. Kg6 $18 {Äà óæ, äóìàþ Ìàðê Äâîðåöêèé
èç ýòîé ïàðòèè «ïîíàâûòàñêèâàë» áû ïðîñòî íåìåðåíîå êîëè÷åñòâî
òðàãèêîìè÷åñêèõ ïðèìåðîâ äëÿ ñâîåé çàìå÷àòåëüíîé êíèãè «Ýíäøïèëü»!} Rf1 62.
f6 h5 63. f7 {
Ýòî óæå ýñòåòñòâî ÷èñòîé âîäû! ;) Õîòÿ è ñàìûé ëó÷øèé â äàííîì ïîëîæåíèè õîä.
} (63. Rd5 Rg1+ 64. Kh6 Rf1 65. Rxh5+ Kg4 66. Rg5+ Kh4 67. Kg6) 63... Rxf7 64.
Kxf7 Kg3 65. Kg6 h4 {È ïðèøëîñü âûèãðûâàòü «åäèíñòâåííûìè» ;) õîäàìè.} 66.
Kg5 h3 67. Rd3+ $1 {Òîëüêî òàê! Õà!} Kg2 68. Kg4 h2 69. Rd2+ Kg1 70. Kg3 Kf1 (
70... h1=Q 71. Rd1# {Íè÷åãî íå ñêàæåøü, ýñòåòíûé âàðèàíò!}) ({Èëè} 70... h1=N+
71. Kf3) 71. Rd1+ 1-0